Lazernaja anemometrija, distancionnaja spektroskopija i interferometrija
Saved in:
| Format: | Book |
|---|---|
| Language: | Russian |
| Published: |
Kijev :
Naukova dumka,
1985
|
| Tags: |
No Tags, Be the first to tag this record!
|
MARC
| LEADER | 00000nam a22000003a 4500 | ||
|---|---|---|---|
| 001 | stu8601 | ||
| 005 | 20141122093153.8 | ||
| 008 | 960308s1985----xxr-----------------rus-d | ||
| 040 | |a STU |b slo | ||
| 041 | 0 | |a rus | |
| 044 | |a xxr | ||
| 080 | |a 535.338.334 | ||
| 080 | |a 535.411 | ||
| 245 | |a Lazernaja anemometrija, distancionnaja spektroskopija i interferometrija | ||
| 260 | |a Kijev : |b Naukova dumka, |c 1985 | ||
| 300 | |a 758 s | ||
| 996 | |b E62591 |c E*62591 |l EE10 |s P |a 0 |w stu8601_0002 | ||